Statistiques concernant Voc allemand - Quantités

Cliquez ici pour prendre le quiz!

Statistiques générales

  • Ce quiz a été pris 64 fois
    (14 depuis la dernière actualisation)
  • Le résultat moyen est 21 sur 50

Statistiques - réponses

HintRéponse% Correct
Die Masse, -nLa masse
83%
Die Zahl, -enLe nombre
83%
Die Nummer, -nLe numéro
83%
BetragenS'élever / se monter à
83%
ZählenCompter
75%
Die Hälfte, -nLa moitié
75%
Das Stück, -eLe morceau / le bout
75%
Die Summe, -nLa somme
67%
Das ViertelLe quart
67%
MultiplizierenMultiplier
67%
Bestehen (aus)Se composer (de)
67%
Zusammenzählen / addierenAdditionner
58%
Ungefähr / EtwaÀ peu près
58%
DoppeltDouble
58%
Das Paar, -eLa paire / le couple
58%
Das DrittelLe tiers
58%
InsgesamtAu total / en tout
50%
TeilenDiviser
50%
MalFois
50%
Der Teil, -eLa partie
50%
AbziehenSoustraire
50%
BeideLes deux
42%
Das GanzeLe tout
42%
FastPresque
42%
ZiemlichAssez
33%
AusserdemEn plus
33%
GenauExact / exactement
33%
Das Mass, -eL'unité / la mesure
33%
MessenMesurer
33%
ZahlreichNombreux
33%
Einige /paarQuelques
33%
HinzufügenAjouter
25%
SammelnCollectionner
25%
Höchstens
Au maximum
25%
DurchschnittlichEn moyenne
25%
Die Menge, -nLa quantité
25%
Die Reihe, -nLe rang / la série
25%
FehlenManquer
25%
So vielTant / autant
25%
(Sich) erhöhenAugmenter / élever
17%
(Aus)rechnenCalculer
17%
VollständigComplet / intégral
17%
Die Reihenfolge, -nL'ordre
17%
ÜbrigRestant
17%
AbnehmenDiminuer
8%
Überflüssig
Superflu
8%
AusreichenÊtre suffisant / suffire
8%
Die Kleinigkeit, -enLa bagatelle / le détail
8%
GeringMoindre / inférieur
8%
KnappJuste / court
0%

Distribution des résultats

Percentile par nombre de réponses

% des personnes avec chaque résultat

Votre développement - résultats

Vous n’avez pas pris ce quiz depuis la dernière actualisation